| Tag |
First Indicator |
Second Indicator |
Subfields |
| LEADER |
00000cam a22000008a 4500 |
| 001 |
in00000007898 |
| 005 |
20151002070050.0 |
| 008 |
870422s1987 njua c 00010 eng |
| 010 |
|
|
|a 87012669
|
| 020 |
|
|
|a 0813512735 :
|c $49.95
|
| 020 |
|
|
|a 0813512743 (pbk.) :
|c $29.95
|
| 035 |
|
|
|a (OCoLC)15662277
|
| 035 |
|
|
|9 AAA0240AM
|
| 040 |
|
|
|a DLC
|c DLC
|d TXA
|d UtOrBLW
|
| 050 |
0 |
0 |
|a PR5885
|b .W67 1987
|
| 082 |
0 |
|
|a 821/.7
|2 19
|
| 100 |
1 |
|
|a Wordsworth, J. W.
|q (Jonathan W.)
|
| 245 |
1 |
0 |
|a William Wordsworth and the age of English romanticism /
|c Jonathan Wordsworth, Michael C. Jaye, Robert Woof, with the assistance of Peter Funnell ; foreword by M. H. Abrams.
|
| 263 |
|
|
|a 8711
|
| 264 |
|
1 |
|a New Brunswick :
|b Rutgers University Press ;
|a Grasmere, England :
|b Wordsworth Trust,
|c [1987]
|
| 264 |
|
4 |
|c ©1987
|
| 300 |
|
|
|a xi, 261 pages :
|b illustrations (some color)
|
| 336 |
|
|
|a text
|b txt
|2 rdacontent
|
| 337 |
|
|
|a unmediated
|b n
|2 rdamedia
|
| 338 |
|
|
|a volume
|b nc
|2 rdacarrier
|
| 600 |
1 |
0 |
|a Wordsworth, William,
|d 1770-1850
|x Exhibitions.
|
| 650 |
|
0 |
|a Romanticism
|x Exhibitions.
|
| 700 |
1 |
|
|a Jaye, Michael C.,
|d 1941-
|
| 700 |
1 |
|
|a Woof, Robert.
|
| 999 |
|
|
|a MARS
|
| 999 |
f |
f |
|s ecc5ac10-3bb4-3528-b4a6-091680b719ae
|i 313c805b-90b8-3d3c-9f6f-162a8b44aaee
|t 0
|
| 952 |
f |
f |
|p normal
|a Texas A&M University
|b College Station
|c Sterling C. Evans Library
|s Evans stk
|d Evans: Library Stacks
|t 0
|e PR5885 .W67 1987
|h Library of Congress classification
|i unmediated -- volume
|m A14820260465
|
| 998 |
f |
f |
|a PR5885 .W67 1987
|t 0
|l Evans: Library Stacks
|